000 03238nam0a2200493 i 4500
001 RU\NLR\bibl\2042736
005 20260405111034.0
010 _a9785915162371
_9500
021 _aRU
_b2013-37104
_92543
035 _a(nilc)RuMoRGB-006577296
035 _a(NLR Aleph) 002030000
090 _a4545842
_c4545842
100 _a20130513d2013 k y0rusy50 ca
101 0 _arus
_deng
102 _aRU
105 _aa |||||||||
200 1 _aМеханизмы и закономерности индивидуального развития человека и животных
_eматериалы Международной научно-практической конференции, посвященной 75-летию заслуженного деятеля науки Российской Федерации, доктора биологических наук, профессора Тельцова Леонида Петровича, Саранск, 12-13 октября 2012 г.
_f[редкол.: Романова Т.А., д.б.н., проф. и др.]
210 _aСаранск
_cИзд-во Мордовского университета
_d2013
215 _a315 с.
_cил., портр.
_d21
300 _aВ надзаг.: М-во образования и науки Рос. Федерации, ФГБОУ ВПО "Морд. гос. ун-т им. Н.П. Огарева", Морд. отд-ние Рос. о-ва анатомов, гистологов, эмбриологов
300 _aРез. на англ. яз.
320 _aБиблиогр. в конце ст.
600 1 _aТельцов
_bЛ.П.
_f1937
_gЛеонид Петрович
_92523410
_3RU\NLR\auth\661495146
606 1 _aВетеринария
_jСъезды, совещания и т.п.
_9939599
_3RU\NLR\auth\6628749
606 _aЖивотные
_jСъезды, совещания и т.п.
_xОнтогенез
_9906579
_3RU\NLR\auth\6610625
606 1 _aЧеловек
_jСъезды, совещания и т.п.
_xЭмбриональное развитие
_91450822
_3RU\NLR\auth\66304722
606 _aСельскохозяйственные животные
_jСъезды, совещания и т.п.
_xОнтогенез
_91464072
_3RU\NLR\auth\66621399
686 _aЕ.д(2)Тельцов
686 _aЕ63я431(0)
686 _aЕ83я431(0)
686 _aП8я431(0)
686 _aП524я431(0)
686 _aП8д(2)Тельцов
702 1 _4340
_7ca
_8rus
_aРоманова
_bТ. А.
_cканд. биол. наук, ветеринария
_gТатьяна Алексеевна
_925048
_3RU\NLR\auth\7742101
702 1 _4570
_aТельцов
_bЛ. П.
_f1937-
_gЛеонид Петрович
_9143293
_3RU\NLR\AUTH\770143329
712 0 2 _4570
_aМордовский государственный университет им. Н. П. Огарева
_cСаранск
_9357326
_3RU\NLR\AUTH\889930926
801 0 _aRU
_bRuMoRKP
_c20130513
_gRCR
801 2 _aRU
_bРГБ
_c20130528
_grcr
801 1 _aRU
_bRuMoRKP
_c20130513
_2rusmarc
801 2 _aRU
_bNLR
_c20130613
_grcr
942 _cBOOK
980 _aNBR